000 00527nam a2200181Ia 4500
003 OSt
005 20240405132627.0
008 210210b1961 xxu||||| |||| 00| 0 eng d
040 _cAL
041 _aKannada
082 _a856/137
100 _aSMITH BRADFERD ಸ್ಮಿಥ್ ಬ್ರಾಡ್ ಫರ್ಡ್
_9139767
245 _aNavu amerikannaru ನಾವು ಅಮೇರಿಕನ್ನರು
260 _aBengaluru
_b-
_c1961
690 _aKannada Miscellaneous
_9139772
906 _a020384
942 _2ddc
_cBK
999 _c144533
_d144533